| 000 | 00773 a2200157 4500 | ||
|---|---|---|---|
| 003 | Nust | ||
| 005 | 20170207154215.0 | ||
| 040 | _cNust | ||
| 082 | _a378.4 | ||
| 245 |
_aUniversity of Brighton-UG prospectus 1999 entry _cUniversity of Brighton |
||
| 260 |
_aBrighton _bUniversity of Brighton _c1999 |
||
| 300 | _a160 p. | ||
| 505 | _aIntroduction (Page-2) Campuses (Page-8) Accommodation (Page-10) Crèches (page-11) Student Loans (page-12) Welfare (Page-13) Chaplaincy (page-14) International Student (Page-15) Student Union (Page-16) Sport 9Page—17) Cultural Life (Page-19) Subject Areas and Courses (Page-20) General Entry Advice (Page-150) How o Apply (Page-153) Fees (Page-156) Course Finder (Page-158) | ||
| 538 | _aAlmirah No. 117 shelf No. 1 | ||
| 650 | _aUG Prospectus | ||
| 942 |
_2ddc _cBK |
||
| 999 |
_c195045 _d195045 |
||